Tutore e pupilla /
-д хадгалсан:
| Үндсэн зохиолч: | |
|---|---|
| Бусад зохиолчид: | |
| Формат: | Ном |
| Хэл сонгох: | итали |
| Хэвлэсэн: |
Roma :
Editori riuniti,
1987
|
| Цуврал: | Albatros
|
| Шошгууд: |
Шошго байхгүй, Энэхүү баримтыг шошголох эхний хүн болох!
|
MARC
| LEADER | 00000nam a2200000 i 4500 | ||
|---|---|---|---|
| 001 | IT\ICCU\CFI\0110987 | ||
| 003 | ItRI | ||
| 005 | 20260115232308.0 | ||
| 008 | 891211s1987 it |||||| ||||| |||||c | ||
| 015 | |2 IT |a 89-11609 | ||
| 020 | |a 8835930936 | ||
| 040 | |b ita |c importazione bologna sebina | ||
| 041 | 7 | |a ita |2 ISO-639-2 | |
| 082 | |a 813.4 |9 NARRATIVA AMERICANA IN LINGUA INGLESE. 1861-1900 |2 19 | ||
| 100 | 1 | |a James, Henry, |d (1843-1916) |0 IT\ICCU\CFIV\000435 |4 aut | |
| 240 | 1 | 0 | |a Watch and ward. - |3 IT\ICCU\CFI\0110990 |9 James, Henry <1843-1916> |
| 245 | 1 | 0 | |a Tutore e pupilla / |c Henry James ; a cura di Alessandra Cremonese ; postfazione di Agostino Lombardo. |
| 260 | |a Roma : |b Editori riuniti, |c 1987 | ||
| 300 | |a 246 p. ; |c 23 cm | ||
| 500 | |a Trad. di Alessandra Cremonese. | ||
| 700 | 1 | |a Cremonese Cambieri, Alessandra |0 IT\ICCU\CFIV\060228 | |
| 790 | 1 | |a Cambieri, Alessandra |3 IT\ICCU\CFIV\069080 |z Cremonese Cambieri, Alessandra | |
| 790 | 1 | |a Cremonese, Alessandra |3 IT\ICCU\CFIV\072673 |z Cremonese Cambieri, Alessandra | |
| 830 | 0 | |a Albatros |0 IT\ICCU\CFI\0000673 | |
| 942 | |2 ddc |c BK |n 0 | ||
| 952 | |0 0 |1 0 |4 0 |6 DOC_813_400000000000000_JAM |7 0 |9 23728 |a BO |b BO |d 2026-01-15 |i 8550 |l 0 |o DOC 813.4 JAM |p BO8550 |r 2026-01-15 23:23:08 |w 2026-01-15 |x [Sebina 5] [1 v.] |y BK |z 1 v. | ||
| 999 | |c 20208 |d 20208 | ||